Exiled by Law: deportation and the inviability of life /
সংরক্ষণ করুন:
| প্রধান লেখক: | |
|---|---|
| বিন্যাস: | গ্রন্থ |
| ভাষা: | Spanish |
| ট্যাগগুলো: |
ট্যাগ যুক্ত করুন
কোনো ট্যাগ নেই, প্রথমজন হিসাবে ট্যাগ করুন!
|
MARC
| LEADER | 00000nam a22000007a 4500 | ||
|---|---|---|---|
| 003 | cru CIDCACS/IIS | ||
| 005 | 20180322091530.0 | ||
| 007 | ta | ||
| 008 | 180321t2013 cau|||||r|||||||| ||spa|d | ||
| 999 | |c 41175 |d 41175 | ||
| 040 | |c cru CIDCACS/IIS | ||
| 100 | 1 | |9 6829 |a Coutin, Susan Bibler | |
| 245 | 1 | |a Exiled by Law: |b deportation and the inviability of life / |c Susan Bibler Coutin | |
| 300 | |a páginas 233-247 | ||
| 773 | 0 | |0 41168 |9 1911 |a Dowling, Julie A. |d Stanford, California: Stanford University Press, 2013 |o 18410 |t Governing immigration through crime: |z 9780804778817 | |
| 942 | |2 ddc |c LI | ||



